000 00922nam a22002537a 4500
001 12567
003 HDC
007 cr bn ---
008 210210 my |0 eneng
040 _aHDC
100 _aDr. Muhammad Munir Chaudry
_eauthor
_913243
245 0 _aHalal Industrial Production Standards /
_cDr. Muhammad Munir Chaudry, Mary Anne Jackson, Mohammad Mazhar Hussaini, Dr. Mian Nadeem Riaz
260 _a[no place] :
_b[publisher not identified],
_c1997
300 _a25 pages
336 _atext
_2rdacontent
337 _acomputer
_2rdamedia
338 _aonline resource
_2rdacarrier
650 _aHalal industry
_9144
650 _aProduction Standards
_913244
856 _zRequest full-text at [email protected]
942 _2lcc
942 _cEBOOK
942 _kEBOK 001994
999 _c9890
_d9890